000 00780cam a22002653a 4500
001 1947
003 PGUSA
005 20140828083008.0
008 991101s1999||||xxu|||||s|||||000 1 eng d
040 _aPGUSA
_beng
042 _adc
050 4 _aPR
100 1 _aSabatini, Rafael,
_d1875-1950
245 1 0 _aScaramouche :
_bA Romance of the French Revolution
_h[electronic resource] /
_cRafael Sabatini
260 _bProject Gutenberg,
_c1999
506 _aPublic domain in the USA.
516 _aElectronic text
653 _aLove stories
653 _aAdventure stories
653 _aWar stories
653 _aFrance -- History -- Revolution, 1789-1799 -- Fiction
830 0 _aProject Gutenberg
_v1947
856 4 0 _uhttp://www.gutenberg.org/ebooks/1947
942 _cEB
999 _c231289
_d231289